| 000 | 00906cam a22002651 4500 | ||
|---|---|---|---|
| 001 | af 47002762 | ||
| 003 | DLC | ||
| 005 | 20260227110816.0 | ||
| 008 | 850124s1945 it ef b 000 0 ita c | ||
| 010 | _aaf 47002762 | ||
| 035 | _a(OCoLC)11616025 | ||
| 040 |
_aArt Institute of Chicago. Ryerson Library _cCLU _dDLC |
||
| 042 | _apremarc | ||
| 050 | 0 | 0 |
_aN6923.B9 _bM35 1945 |
| 082 | _a704.91 | ||
| 100 | 1 |
_aMariani, Valerio, _d1899- |
|
| 245 | 1 | 0 | _aMichelangelo, con quaranta tavole fuori testo. |
| 260 |
_a[Torino] _bUnione tipografico-editrice torinese, _c1945. |
||
| 300 |
_a2 p. l., 7-313 p. _bXL pl. (incl. plan) on 20 l. _c22 cm. |
||
| 490 | 1 |
_aI Grandi italiani, collana di biografie, _vv. 13 |
|
| 500 | _a"Ristampa corretta della prima edizione 1942." | ||
| 504 | _a"Nota bibliografica": p. 309-310. | ||
| 600 | 0 | 0 |
_aMichelangelo Buonarroti, _d1475-1564. |
| 830 | 0 |
_aGrandi italiani ; _vv. 13. |
|
| 999 |
_c1865 _d1865 |
||